000 00319nam a22001337a 4500
008 170621b xxu||||| |||| 00| 0 eng d
020 _a0871872811
041 _aeng
080 _22ND
_a32
100 _a20
101 _aSHP
245 _aCONGRESSIONAL PROCEDURES AND THE POLICY PROCESS
_cOLESZEK,W.J
942 _2udc
_cBK
999 _c18387
_d18387